Foreign-Born Population: Austria Quiz Stats

Quiz Updated Mar 24, 2017

Challenge
Share
Tweet
Embed
Score 0/20 Timer 05:00
1 Play Today
Foreign-Born Population Country % Correct
181,660Germany
96.3%
27,305Italy
90.2%
31,997Russia
88.1%
60,065Poland
86.4%
70,676Hungary
82%
116,879Turkey
79.5%
38,099Slovakia
78.2%
12,711China
76.8%
17,323Slovenia
76.2%
118,669Serbia
74.9%
Foreign-Born Population Country % Correct
92,095Romania
73.7%
73,328Croatia
72.7%
24,942Bulgaria
68.8%
41,637Syria
66.5%
14,793Iraq
63.6%
94,629Bosnia and Herzegovina
63.6%
13,903Iran
62.6%
22,398Macedonia
56.4%
24,440Kosovo
53.8%
45,284Afghanistan
42.4%

You're not logged in!

Compare scores with friends on all Sporcle quizzes.
Join for Free
OR
Log In

You Might Also Like...

Show Comments

Extras

Top Quizzes Today


Score Distribution

Your Account Isn't Verified!

In order to create a playlist on Sporcle, you need to verify the email address you used during registration. Go to your Sporcle Settings to finish the process.

Report this User

Report this user for behavior that violates our Community Guidelines.

Details: